Logo BPK

Biblioteka

Politechniki Koszalińskiej

Führer durch Goethes Fustdichtung : (Rekord nr 50428)

Szczegóły MARC
000 -ETYKIETA REKORDU
podpole kontrolne o stałej długości 00530nam a2200157 i 4500
001 - NUMER KONTROLNY REKORDU
pole kontrolne bgj
040 ## - ŹRÓDŁO KATALOGOWANIA
Instytucja, która utworzyła rekord BPK
041 0# - KOD JĘZYKA
Kod języka tekstu ger
008 - POLE O STAŁEJ DŁUGOŚCI - DANE KONTROLNE
podpole kontrolne o stałej długości s gw f |000 0 ger
100 1# - NAZWA OSOBOWA
Nazwa osobowa BUCHWALD, Reinhard
Daty związane z nazwą (1884-1983)
245 10 - TYTUŁ/ODPOWIEDZIALNOŚĆ
Tytuł Führer durch Goethes Fustdichtung :
Ciąg dalszy tytułu Erklärung des Werkes und Geschichte seiner Entstehung /
Pozostałe elementy strefy tytułu i oznaczenia odpowiedzialności Reinhard Buchwald.
260 ## - STREFA ADRESU WYDAWNICZEGO
Miejsce wydania Weimar :
Nazwa wydawcy/dystrybutora Volksverlag,
Data publikacji, dystrybucji/powstania dokumentu 1957.
300 ## - STREFA OPISU FIZYCZNEGO
Objętość 408 S. ;
Rozmiary 19 cm.
600 19 - HASŁO PRZEDMIOTOWE W FORMIE NAZWY OSOBOWEJ
Nazwa osobowa Goethe, Johan Wolfgang von, 1749-1832: |Faust
Określnik ogólny Literatur über die Werke
856 ## - LOKALIZACJA I DOSTĘP DO ELEKTRONICZNYCH DOKUMENTÓW ZDALNYCH
Link (URL) http://koha.tu.koszalin.pl/cgi-bin/koha/opac-detail.pl?biblionumber=50428
Tekst linku Katalog online BPK
942 ## - DODATKOWE ELEMENTY (KOHA)
Typ dokumentu Książka
Egzemplarze
Wycofany Status egzemplarza Uszkodzony Dostępność Lokalizacja stała Lokalizacja bieżąca Miejsce przechowywania Sygnatura Kod kreskowy Typ dokumentu
      Tylko na miejscu Biblioteka Politechniki Koszalińskiej Biblioteka Politechniki Koszalińskiej Czytelnia Wydziałowa ul. Kwiatkowskiego 6e N 341 09046207 Książka
© 2023 Biblioteka Politechniki Koszalińskiej :: KOHA